Tallest Roller Coasters in the World - Statistics

General Stats
  • This quiz has been taken 577 times
    540 since last reset
  • The average score is 13 of 21
Answer Stats
Height Country Answer % Correct
456 ft (139 m) USA Kingda Ka
98%
420 ft (130 m) USA Top Thrill Dragster
93%
325 ft (99 m) USA Fury 325
90%
306 ft (93 m) Canada Leviathan
84%
367 ft (112 m) Spain Red Force
83%
232 ft (71 m) USA Intimidator
82%
310 ft (94 m) USA Millennium Force
82%
318 ft (97 m) Japan Steel Dragon 2000
78%
305 ft (93 m) USA Intimidator 305
77%
415 ft (126 m) USA Superman: Escape from Krypton
77%
287 ft (87 m) USA Orion
72%
253 ft (77 m) Poland Hyperion
60%
249 ft (76 m) Spain Shambhala
57%
240 ft (73 m) Germany Silver Star
47%
235 ft (72 m) USA Goliath
44%
259 ft (79 m) Japan Fujiyama
35%
245 ft (75 m) USA Titan
30%
249 ft (76 m) Japan Eejanaika
29%
262 ft (80 m) Japan Thunder Dolphin
19%
240 ft (73 m) Germany Karnan
18%
243 ft (74 m) China Coaster Through the Clouds
16%
No matching quizzes found
Score Distribution
Percent of People with Each Score
Percentile by Number Answered
Your Score History
You have not taken this quiz since the last reset